000 00818nas a2200277 4500
001 BR9900381
003 BR-BrBNA
005 20231205101208.0
007 ta
008 230509b bl.|||p| |||| 00| 00por d
040 _aBR-BrBNA
_bpor
_cBiblioteca Nacional de Agricultura
041 _a(Pt)
072 _aH20
100 1 _aCoelho, Y. da S.
100 1 _aCouto, R.C.S.
100 1 _aNickel, O.
245 1 _aOcorrencia do declinio dos citros em areas isoladas no Estado da Bahia
650 _aLaranja
650 _aLimao
650 _aDeclinio dos Citrus
650 _aLevantamento Fitossanitario
650 _aBahia
773 0 _tRevista Brasileira de Fruticultura (Brazil)
_xISSN 0100-2945
_g(1997), v. 19(3) p. 307-311
_wBR9900381
909 _a202311
_bLúcia
_c55
_dLúcia Elande
942 _2AGRIS
_n0
_cANA
999 _c160354
_d160354